| 000 | 01055nmc a2200361 a 4500 | ||
|---|---|---|---|
| 003 | AR-BaBNM | ||
| 005 | 20251128204202.0 | ||
| 008 | 011101s1994 ||||||||||||||000 | spa|| | ||
| 040 | _cAR-BaBNM | ||
| 100 | 1 | _aVenturini, Aurora | |
| 245 | 1 | 0 | _aPoesía gauchipolítica federal |
| 260 |
_aBuenos Aires _bMinisterio de Educación y Justicia _c1994 |
||
| 300 | 0 |
_a128 p. _bil. |
|
| 490 | 0 |
_aEstrella federal _vv. 7 |
|
| 500 | 0 | _aContiene glosario | |
| 500 | 0 | _aCo-edición de la Comisión Protectora de Bibliotecas Populares | |
| 504 | _aContiene bibliografía | ||
| 650 | 4 | _aLITERATURA ARGENTINA | |
| 650 | 4 | _aPOESIAS | |
| 650 | 4 | _aFEDERALISMO ARGENTINO | |
| 650 | 4 | _aFEDERALES | |
| 651 | 4 | _aArgentina | |
| 653 | 0 | _aLITERATURA GAUCHESCA | |
| 653 | 0 | _aPOESIA HISTORICA | |
| 653 | 0 | _aPOESIA PATRIOTICA | |
| 653 | 0 | _aGAUCHOS | |
| 653 | 0 | _aPOESIA POLITICA | |
| 655 | _aLITERATURA | ||
| 710 | 2 | _aInstituto de Investigaciones Históricas Juan Manuel de Rosas | |
| 800 | 1 |
_aChávez, Fermín _edirector |
|
| 942 | _cBK | ||
| 998 | _cGrace | ||
| 999 |
_c6518 _d6518 |
||